Practical accounting 1 / (Record no. 2613)

MARC details
000 -LEADER
fixed length control field 00618nam a2200205 4500
003 - CONTROL NUMBER IDENTIFIER
control field OSt
005 - DATE AND TIME OF LATEST TRANSACTION
control field 20240723073617.0
008 - FIXED-LENGTH DATA ELEMENTS--GENERAL INFORMATION
fixed length control field 240723b |||||||| |||| 00| 0 eng d
020 ## - INTERNATIONAL STANDARD BOOK NUMBER
International Standard Book Number 9710489756
040 ## - CATALOGING SOURCE
Original cataloging agency DWCL-Main lib.
Transcribing agency OC
082 ## - DEWEY DECIMAL CLASSIFICATION NUMBER
Edition number 2010 revised edition
Classification number Fil. 657 V173p 2010
006 - FIXED-LENGTH DATA ELEMENTS--ADDITIONAL MATERIAL CHARACTERISTICS
fixed length control field a
100 ## - MAIN ENTRY--PERSONAL NAME
Personal name Valix, Conrado T.
245 ## - TITLE STATEMENT
Title Practical accounting 1 /
250 ## - EDITION STATEMENT
Edition statement 2010 revised edition
260 ## - PUBLICATION, DISTRIBUTION, ETC.
Place of publication, distribution, etc. Manila :
Name of publisher, distributor, etc. GIC Enterprises & Co., Inc.,
Date of publication, distribution, etc. c2010.
300 ## - PHYSICAL DESCRIPTION
Other physical details 1235 p. ;
Dimensions 22 cm.
650 ## - SUBJECT ADDED ENTRY--TOPICAL TERM
Topical term or geographic name entry element 1. Accounting - Problems, exercises, etc.
942 ## - ADDED ENTRY ELEMENTS (KOHA)
Source of classification or shelving scheme Dewey Decimal Classification
Suppress in OPAC No
Koha item type Book-Filipiniana
Edition 2010 revised edition
Call number prefix Fil.
Holdings
Withdrawn status Lost status Source of classification or shelving scheme Damaged status Not for loan Home library Current library Date acquired Source of acquisition Total Checkouts Full call number Barcode Date last seen Copy number Price effective from Koha item type Uniform Resource Identifier Cost, normal purchase price
    Dewey Decimal Classification     College Library College Library 07/28/2010 School Fund   Fil. 657 V173p 2010 47627 07/23/2024 c1 07/23/2024 Book-Filipiniana  
    Dewey Decimal Classification     College Library College Library 07/28/2010 School Fund   Fil. 657 V173p 2010 47628 07/23/2024 c2 07/23/2024 Book-Filipiniana  
    Dewey Decimal Classification     College Library College Library 07/28/2010 School Fund   Fil. 657 V173p 2010 47629 07/23/2024 c3 07/23/2024 Book-Filipiniana  
    Dewey Decimal Classification     College Library College Library 07/28/2010 School Fund   Fil. 657 V173p 2010 47630 07/23/2024 c4 07/23/2024 Book-Filipiniana  
    Dewey Decimal Classification     College Library College Library 07/28/2010 School Fund   Fil. 657 V173p 2010 47631 07/23/2024 c5 07/23/2024 Book-Filipiniana  
    Dewey Decimal Classification     College Library College Library 11/09/2010 School Fund   Fil. 657 V173p 2010 47876 07/23/2024 c6 07/23/2024 Book-Filipiniana 600.00
    Dewey Decimal Classification     College Library College Library 11/09/2010 School Fund   Fil. 657 V173p 2010 47877 07/23/2024 c7 07/23/2024 Book-Filipiniana 600.00
    Dewey Decimal Classification     College Library College Library 11/09/2010 School Fund   Fil. 657 V173p 2010 47878 07/23/2024 c8 07/23/2024 Book-Filipiniana 600.00